000 00975nam a2200241 i 4500
001 104341
003 ES-MaACL
005 20250905161839.0
007 t|
008 051128s1982 sp |||| | spa d
245 0 0 _aHistoria de la filosofía antigua y medieval /
_c[bajo la dirección Antonio Millán Puelles ; preparada por José Mª Benavente Barreda, Fernando Quesada Castro].
260 _aMadrid :
_bUniversidad Nacional de Educación a Distancia,
_c1982.
300 _a1 v. (218 p.) ;
_c30 cm.
594 _aAntonio Millán Puelles: tomado de la portada de las unidades didácticas.
597 _aPaginación varia.
650 4 _aFilosofía-
_vHistoria.
_9158248
700 1 _aMillán Puelles, Antonio,
_d1921-2005
_981155
700 1 _aBenavente Barreda, José María.
_927446
700 1 _aQuesada Castro, Fernando
_994566
710 2 _aUniversidad Nacional de Educación a Distancia (España)
_97405
852 _aES-MaACL
_jL-2643
999 _c104341
_d104341